The Beatles - songs about drugs - Statistics

General Stats
  • This quiz has been taken 76 times
  • The average score is 8 of 14
Answer Stats
Hint Answer % Correct
A girl with kaleidoscope eyes Lucy in the sky with diamonds
98%
I am the egg man I am the walrus
91%
what would you think if i sang out of tune? With a little help from my friends
77%
Living is easier with eyes closed Strawberry fields forever
74%
Got a good reason, for taking the easy way out Day tripper
68%
Did i tell you i need you, every single day of my life. Got to get you into my life
67%
Roll up, Roll up Magical mystery tour
61%
She's not a girl who misses much Happiness is a warm gun
59%
If you're down he'll pick you up. Doctor Robert
53%
Its not dying Tomorrow never knows
48%
I know what its like to be dead She said, She said
47%
Im doing the best that i can Getting better
38%
The deeper you go, the higher you fly Everybody’s Got Something To Hide Except Me And My Monkey
36%
Only ever has to give me love forever and forever Shes a woman
15%
No matching quizzes found
Score Distribution
Percent of People with Each Score
Percentile by Number Answered
Your Score History
You have not taken this quiz